Biología de insectos

Enregistré dans:
Détails bibliographiques
Auteur principal: Toro Gutiérrez, Haroldo
Autres auteurs: Chiappa Tapia, Elizabeth, Tobar M., Carmen
Format: Livre
Langue:espagnol
Publié: Valparaíso Universitarias de Valparaíso 2003
Sujets:
Tags: Ajouter un tag
Pas de tags, Soyez le premier à ajouter un tag!

MARC

LEADER 00000cam a2200000 a 4500
001 UCL0784
003 CL-VaPUC
005 20240910155723.0
008 030818e20030000CL |||||||||||||||||spa|d
999 |c 304563  |d 304561 
020 |a 9561703408 
040 |c Pontificia Universidad Católica de Valparaíso 
082 0 4 |a 595.7 TOR 2003  |2 21 
100 0 |a Toro Gutiérrez, Haroldo  |9 477538 
245 1 0 |a Biología de insectos 
260 |a Valparaíso  |b Universitarias de Valparaíso  |c 2003 
300 |a 473 páginas 
500 |a Haroldo Toro, fue profesor de esta Casa de estudios por 45 años, esta es su obra póstuma 
583 |a last modification  |c 20130912 12:18:11  |k Rodrigo Vera 
650 0 |a Entomología   |9 269835  |x Taxonomía de insectos  
650 0 |a Control de plagas  |2 CL-VaPUC  |9 327373 
650 0 |a Insectos nocivos  |9 682932 
700 0 |a Chiappa Tapia, Elizabeth  |9 477539 
700 0 |a Tobar M., Carmen  |9 477540 
942 |c BK  |2 ddc 
945 |d 20030818 00:00:00  |a cmena 
952 |0 0  |1 0  |4 0  |6 595_700000000000000_TOR_2003  |7 0  |8 A  |9 366947  |a BIBCUR  |b BIBCUR  |d 2019-11-21  |i 3931889  |o 595.7 TOR 2003  |p 3931889  |r 2025-04-22  |w 2019-11-21  |y BK  |k BIO 
952 |0 0  |1 0  |4 0  |6 595_700000000000000_TOR_2003  |7 0  |8 R  |9 366948  |a BIBAGR  |b BIBAGR  |d 2019-11-21  |i 3931897  |l 1  |o 595.7 TOR 2003  |p 3931897  |r 2024-01-30  |s 2023-04-27  |w 2019-11-21  |y BK  |k AGR 
952 |0 0  |1 0  |2 ddc  |4 0  |6 595_700000000000000_TOR_2003  |7 0  |8 A  |9 366949  |a BIBCUR  |b BIBCUR  |d 2019-11-21  |i 3931919  |o 595.7 TOR 2003  |p 3931919  |r 2025-04-22  |w 2019-11-21  |y BK  |k BIO 
952 |0 0  |1 0  |4 0  |6 595_700000000000000_TOR_2003  |7 0  |8 R  |9 366950  |a BIBAGR  |b BIBAGR  |d 2019-11-21  |i 3931927  |l 1  |o 595.7 TOR 2003  |p 3931927  |r 2024-01-30  |s 2023-04-27  |w 2019-11-21  |y BK  |k AGR 
952 |0 0  |1 0  |4 0  |6 595_700000000000000_TOR_2003  |7 0  |8 R  |9 366951  |a BIBAGR  |b BIBAGR  |d 2019-11-21  |i 3935558  |o 595.7 TOR 2003  |p 3935558  |r 2024-01-30  |w 2019-11-21  |y BK  |k AGR 
952 |0 0  |1 0  |4 0  |6 595_700000000000000_TOR_2003  |7 0  |8 R  |9 366952  |a BIBAGR  |b BIBAGR  |d 2019-11-21  |i 3935566  |l 3  |o 595.7 TOR 2003  |p 3935566  |r 2025-04-11  |s 2025-04-11  |w 2019-11-21  |y BK  |k AGR 
952 |0 0  |1 0  |4 0  |6 595_700000000000000_TOR_2003  |7 0  |8 R  |9 366953  |a BIBAGR  |b BIBAGR  |d 2019-11-21  |i 3935574  |o 595.7 TOR 2003  |p 3935574  |r 2024-01-30  |w 2019-11-21  |y BK  |k AGR 
952 |0 0  |1 0  |4 0  |6 595_700000000000000_TOR_2003  |7 0  |8 R  |9 366954  |a BIBAGR  |b BIBAGR  |d 2019-11-21  |i 3935582  |l 1  |o 595.7 TOR 2003  |p 3935582  |r 2024-01-30  |s 2022-04-21  |w 2019-11-21  |y BK  |k AGR 
952 |0 0  |1 0  |4 0  |6 595_700000000000000_TOR_2003  |7 0  |8 R  |9 366955  |a BIBAGR  |b BIBAGR  |d 2019-11-21  |i 3935590  |l 1  |o 595.7 TOR 2003  |p 3935590  |r 2024-11-29  |s 2024-11-22  |w 2019-11-21  |y BK  |k AGR 
952 |0 0  |1 0  |4 0  |6 595_700000000000000_TOR_2003  |7 0  |8 R  |9 366956  |a BIBAGR  |b BIBAGR  |d 2019-11-21  |i 3935604  |o 595.7 TOR 2003  |p 3935604  |r 2024-01-30  |w 2019-11-21  |y BK  |k AGR 
952 |0 0  |1 0  |4 0  |6 595_700000000000000_TOR_2003  |7 0  |8 R  |9 366957  |a BIBAGR  |b BIBAGR  |d 2019-11-21  |i 3935612  |l 1  |o 595.7 TOR 2003  |p 3935612  |r 2024-01-30  |s 2022-04-21  |w 2019-11-21  |y BK  |k AGR 
952 |0 0  |1 0  |2 ddc  |4 0  |6 595_700000000000000_TOR_2003  |7 0  |8 A  |9 366958  |a BIBCUR  |b BIBCUR  |d 2019-11-21  |i 3935620  |o 595.7 TOR 2003  |p 3935620  |r 2025-04-22  |w 2019-11-21  |y BK  |k BCB 
952 |0 0  |1 0  |4 0  |6 595_700000000000000_TOR_2003  |7 0  |8 R  |9 366959  |a BIBAGR  |b BIBAGR  |d 2019-11-21  |i 3935639  |o 595.7 TOR 2003  |p 3935639  |r 2024-01-30  |w 2019-11-21  |y BK  |k AGR 
952 |0 0  |1 0  |4 0  |6 595_700000000000000_TOR_2003  |7 0  |8 A  |9 366960  |a BIBCUR  |b BIBCUR  |d 2019-11-21  |i 3935647  |l 1  |o 595.7 TOR 2003  |p 3935647  |r 2025-04-22  |s 2022-12-06  |w 2019-11-21  |y BK  |k BCB 
952 |0 0  |1 0  |4 0  |6 595_700000000000000_TOR_2003  |7 0  |8 R  |9 366961  |a BIBAGR  |b BIBAGR  |d 2019-11-21  |i 3935655  |l 2  |o 595.7 TOR 2003  |p 3935655  |r 2024-01-30  |s 2021-06-14  |w 2019-11-21  |y BK  |k AGR 
952 |0 0  |1 0  |4 0  |6 595_700000000000000_TOR_2003  |7 0  |8 A  |9 366962  |a BIBCUR  |b BIBCUR  |d 2019-11-21  |i 3935663  |o 595.7 TOR 2003  |p 3935663  |r 2025-04-22  |w 2019-11-21  |y BK  |k BCB 
952 |0 0  |1 0  |4 0  |6 595_700000000000000_TOR_2003  |7 0  |8 R  |9 366963  |a BIBAGR  |b BIBAGR  |d 2019-11-21  |i 3935671  |l 2  |o 595.7 TOR 2003  |p 3935671  |r 2024-01-30  |s 2022-06-16  |w 2019-11-21  |y BK  |k AGR 
952 |0 0  |1 0  |4 0  |6 595_700000000000000_TOR_2003  |7 0  |8 A  |9 366964  |a BIBCUR  |b BIBAGR  |d 2019-11-21  |i 393568K  |l 1  |o 595.7 TOR 2003  |p 393568K  |r 2024-01-30  |s 2023-05-03  |w 2019-11-21  |y BK  |k BCB 
952 |0 0  |1 0  |2 ddc  |4 0  |6 595_700000000000000_TOR_2003  |7 0  |8 A  |9 366966  |a BIBCUR  |b BIBCUR  |d 2019-11-21  |i 3935701  |o 595.7 TOR 2003  |p 3935701  |r 2025-04-22  |w 2019-11-21  |y BK  |k BCB 
952 |0 0  |1 0  |4 0  |6 595_700000000000000_TOR_2003  |7 0  |8 A  |9 366967  |a BIBCUR  |b BIBCUR  |d 2019-11-21  |i 393571K  |o 595.7 TOR 2003  |p 393571K  |r 2025-04-22  |w 2019-11-21  |y BK  |k BCB 
952 |0 0  |1 0  |4 0  |6 595_700000000000000_TOR_2003  |7 0  |8 A  |9 366968  |a BIBCUR  |b BIBCUR  |d 2019-11-21  |i 3935728  |o 595.7 TOR 2003  |p 3935728  |r 2025-04-22  |w 2019-11-21  |y BK  |k BCB 
952 |0 0  |1 0  |4 0  |6 595_700000000000000_TOR_2003  |7 0  |8 A  |9 366969  |a BIBCUR  |b BIBCUR  |d 2019-11-21  |i 3935736  |l 1  |m 2  |o 595.7 TOR 2003  |p 3935736  |r 2025-04-22  |s 2022-10-03  |w 2019-11-21  |y BK  |k BCB 
952 |0 0  |1 0  |4 0  |6 595_700000000000000_TOR_2003  |7 0  |8 A  |9 366970  |a BIBCUR  |b BIBCUR  |d 2019-11-21  |i 3935744  |o 595.7 TOR 2003  |p 3935744  |r 2025-04-22  |w 2019-11-21  |y BK  |k BCB 
952 |0 0  |1 0  |4 0  |6 595_700000000000000_TOR_2003  |7 0  |8 R  |9 366971  |a BIBAGR  |b BIBAGR  |d 2019-11-21  |i 3935752  |l 3  |o 595.7 TOR 2003  |p 3935752  |r 2025-04-22  |s 2025-04-16  |w 2019-11-21  |y BK  |k AGR 
952 |0 0  |1 0  |2 ddc  |4 0  |6 595_700000000000000_TOR_2003  |7 0  |8 A  |9 366972  |a BIBCUR  |b BIBCUR  |d 2019-11-21  |i 3935760  |o 595.7 TOR 2003  |p 3935760  |r 2025-04-22  |w 2019-11-21  |y BK  |k BCB 
952 |0 0  |1 0  |4 0  |6 595_700000000000000_TOR_2003  |7 0  |8 A  |9 366973  |a BIBCUR  |b BIBCUR  |d 2019-11-21  |i 3935779  |o 595.7 TOR 2003  |p 3935779  |r 2025-04-22  |w 2019-11-21  |y BK  |k BCB 
952 |0 0  |1 0  |4 0  |6 595_700000000000000_TOR_2003  |7 0  |8 R  |9 366974  |a BIBAGR  |b BIBAGR  |d 2019-11-21  |i 3935787  |l 3  |o 595.7 TOR 2003  |p 3935787  |r 2024-01-30  |s 2023-04-27  |w 2019-11-21  |y BK  |k AGR 
952 |0 0  |1 0  |4 0  |6 595_700000000000000_TOR_2003  |7 0  |8 R  |9 366975  |a BIBAGR  |b BIBAGR  |d 2019-11-21  |i 3935795  |l 2  |o 595.7 TOR 2003  |p 3935795  |r 2025-03-31  |s 2025-03-31  |w 2019-11-21  |y BK  |k AGR 
952 |0 0  |1 0  |2 ddc  |4 0  |6 595_700000000000000_TOR_2003  |7 0  |8 A  |9 366976  |a BIBCUR  |b BIBCUR  |d 2019-11-21  |i 3935809  |o 595.7 TOR 2003  |p 3935809  |r 2025-04-22  |w 2019-11-21  |y BK  |k BCB 
952 |0 0  |1 0  |4 0  |6 595_700000000000000_TOR_2003  |7 0  |8 R  |9 366977  |a BIBAGR  |b BIBAGR  |d 2019-11-21  |i 3935817  |o 595.7 TOR 2003  |p 3935817  |r 2024-01-30  |w 2019-11-21  |y BK  |k AGR 
952 |0 0  |1 0  |4 0  |6 595_700000000000000_TOR_2003  |7 0  |8 R  |9 366978  |a BIBAGR  |b BIBAGR  |d 2019-11-21  |i 3935825  |o 595.7 TOR 2003  |p 3935825  |r 2024-01-30  |w 2019-11-21  |y BK  |k AGR 
952 |0 0  |1 0  |4 0  |6 595_700000000000000_TOR_2003  |7 0  |8 R  |9 366979  |a BIBAGR  |b BIBAGR  |d 2019-11-21  |i 3935833  |o 595.7 TOR 2003  |p 3935833  |r 2024-01-30  |w 2019-11-21  |y BK  |k AGR 
952 |0 0  |1 0  |4 0  |6 595_700000000000000_TOR_2003  |7 0  |8 A  |9 366980  |a BIBCUR  |b BIBCUR  |d 2019-11-21  |i 3935841  |o 595.7 TOR 2003  |p 3935841  |r 2025-04-22  |w 2019-11-21  |y BK  |k BCB 
952 |0 0  |1 0  |2 ddc  |4 0  |6 595_700000000000000_TOR_2003  |7 0  |8 A  |9 366981  |a BIBAGR  |b BIBAGR  |d 2019-11-21  |i 4127986  |l 2  |o 595.7 TOR 2003  |p 4127986  |r 2025-04-03  |s 2025-04-03  |w 2019-11-21  |y BK  |k BCB 
952 |0 0  |1 0  |2 ddc  |4 0  |6 595_700000000000000_TOR_2003  |7 0  |8 A  |9 366982  |a BIBAGR  |b BIBAGR  |d 2019-11-21  |i 4127994  |o 595.7 TOR 2003  |p 4127994  |r 2024-01-30  |w 2019-11-21  |y BK  |k BCB 
952 |0 0  |1 0  |2 ddc  |4 0  |6 595_700000000000000_TOR_2003  |7 0  |8 A  |9 366983  |a BIBAGR  |b BIBAGR  |d 2019-11-21  |i 4128001  |l 1  |o 595.7 TOR 2003  |p 4128001  |r 2024-04-11  |s 2024-04-04  |w 2019-11-21  |y BK  |k AGR 
952 |0 0  |1 0  |4 0  |6 595_700000000000000_TOR_2003  |7 0  |8 A  |9 366984  |a BIBCUR  |b BIBAGR  |d 2019-11-21  |i 412801K  |l 1  |o 595.7 TOR 2003  |p 412801K  |r 2024-01-30  |s 2023-04-27  |w 2019-11-21  |y BK  |k BCB 
952 |0 0  |1 0  |2 ddc  |4 0  |6 595_700000000000000_TOR_2003  |7 0  |8 A  |9 366985  |a BIBAGR  |b BIBAGR  |d 2019-11-21  |i 4128028  |o 595.7 TOR 2003  |p 4128028  |r 2024-01-30  |w 2019-11-21  |y BK  |k AGR 
952 |0 0  |1 0  |2 ddc  |4 0  |6 595_700000000000000_TOR_2003  |7 0  |8 A  |9 366986  |a BIBAGR  |b BIBAGR  |d 2019-11-21  |i 4128036  |l 2  |o 595.7 TOR 2003  |p 4128036  |r 2025-04-03  |s 2025-03-27  |w 2019-11-21  |y BK  |k BCB 
952 |0 0  |1 0  |2 ddc  |4 0  |6 595_700000000000000_TOR_2003  |7 0  |8 A  |9 366987  |a BIBAGR  |b BIBAGR  |d 2019-11-21  |i 4128044  |l 1  |o 595.7 TOR 2003  |p 4128044  |r 2025-04-11  |s 2025-04-11  |w 2019-11-21  |y BK  |k AGR 
952 |0 0  |1 0  |2 ddc  |4 0  |6 595_700000000000000_TOR_2003  |7 0  |8 A  |9 366988  |a BIBAGR  |b BIBAGR  |d 2019-11-21  |i 4128052  |l 1  |o 595.7 TOR 2003  |p 4128052  |r 2025-04-03  |s 2025-03-27  |w 2019-11-21  |y BK  |k AGR 
952 |0 0  |1 0  |2 ddc  |4 0  |6 595_700000000000000_TOR_2003  |7 0  |8 A  |9 366989  |a BIBAGR  |b BIBAGR  |d 2019-11-21  |i 4128060  |o 595.7 TOR 2003  |p 4128060  |r 2024-01-30  |w 2019-11-21  |y BK  |k AGR 
952 |0 0  |1 0  |2 ddc  |4 0  |6 595_700000000000000_TOR_2003  |7 0  |8 A  |9 366990  |a BIBAGR  |b BIBAGR  |d 2019-11-21  |i 4128079  |l 1  |o 595.7 TOR 2003  |p 4128079  |r 2024-01-30  |s 2022-03-24  |w 2019-11-21  |y BK  |k BCB 
952 |0 0  |1 0  |4 0  |6 595_700000000000000_TOR_2003  |7 0  |8 R  |9 366991  |a BIBAGR  |b BIBAGR  |d 2019-11-21  |i 4213580  |o 595.7 TOR 2003  |p 4213580  |r 2024-01-30  |w 2019-11-21  |y BK_R  |k AGR 
952 |0 0  |1 0  |4 0  |6 595_700000000000000_TOR_2003  |7 0  |8 X  |9 366992  |a FDOBUD  |b FDOBUD  |d 2019-11-21  |i 108397K  |o 595.7 TOR 2003  |p 108397K  |r 2019-11-21  |w 2019-11-21  |y BK_X  |k FHP 
952 |0 0  |1 0  |4 0  |6 595_700000000000000_TOR_2003  |7 0  |8 X  |9 366993  |a FDOBUD  |b FDOBUD  |d 2019-11-21  |i 4546679  |o 595.7 TOR 2003  |p 4546679  |r 2019-11-21  |w 2019-11-21  |y BK_X  |k FHP 
952 |0 0  |1 0  |2 ddc  |4 0  |6 595_700000000000000_TOR_2003  |7 0  |8 R  |9 578444  |a BIBAGR  |b BIBAGR  |d 2021-07-20  |i 5613302  |l 1  |o 595.7 TOR 2003  |p 5613302  |r 2025-04-10  |s 2025-04-07  |w 2021-07-20  |y BK  |k AGR